Physiological Aspects of Sport Training (Record no. 11309)

MARC details
000 -LEADER
fixed length control field 00266nam a22000977a 4500
008 - FIXED-LENGTH DATA ELEMENTS--GENERAL INFORMATION
fixed length control field 190208b ||||| |||| 00| 0 eng d
020 ## - INTERNATIONAL STANDARD BOOK NUMBER
International Standard Book Number 9780736034241
100 ## - MAIN ENTRY--PERSONAL NAME
Personal name Hoffman
9 (RLIN) 7050
245 ## - TITLE STATEMENT
Title Physiological Aspects of Sport Training
260 ## - PUBLICATION, DISTRIBUTION, ETC. (IMPRINT)
Place of publication, distribution, etc. USA
Name of publisher, distributor, etc. Human Kinetics
Date of publication, distribution, etc. 2002
Holdings
Withdrawn status Lost status Source of classification or shelving scheme Damaged status Koha normalized classification for sorting Not for loan Home library Current library Shelving location Date acquired Total Checkouts Full call number Barcode Date last seen Price effective from Koha item type
    Dewey Decimal Classification   796_000000000000000_C9 Not For Loan Good Samaritan School Library Good Samaritan School Library Sports & Games 02/08/2019   796 C-9 HOF15252 02/08/2019 02/08/2019 BOOK

Powered by Koha